McDonalds Food Items: Sudden Death! - Statistics

General Stats
  • This quiz has been taken 284 times
    175 since last reset
  • The average score is 8 of 10
Answers on the Grid
Answers color-coded by a green-red scale on the quiz's grid according to % correct below.
French Fries
McPlant Supreme
Big Mac
Chicken McNuggets
The Sunrise Stack
Quarter Pounder with Cheese
Sizzle Stack
Egg McMuffin
McDouble
McChicken
McSteak
Apple Pie
Triple Stack Mac
Happy Meal
Filet-O-Fish
 
Answer Stats
Answer % Correct
French Fries
97%
Big Mac
90%
Chicken McNuggets
89%
McChicken
84%
Egg McMuffin
82%
Happy Meal
82%
Quarter Pounder with Cheese
79%
Apple Pie
76%
McDouble
76%
Filet-O-Fish
75%
No matching quizzes found
Score Distribution
Percent of People with Each Score
Percentile by Number Answered
Your Score History
You have not taken this quiz since the last reset